01422nam a22002414c 4500003000900000008004100009020001800050040003100068041001800099080001100117100002300128245003900151250002100190264004000211300004200251336002700293337003400320338002800354520072500382521002501107650002401132650002401156AR-BaSMT260427b2025 aga|||br|||| 000 1|spa d a9789877383294 aBSGBbespañolcBSGBerda1 ainghinglés a82-31 1 aMuncaster, Harriet10aIsadora Moon : bva de excursión aOctava edición 1aBuenos aires : bAlfaguara , c2025 a128 páginas : bilustraciones color 2rdacontentatextobtxt 2rdamedia asin mediaciónbn 2rdacarrieravolumenbnc1 aIsadora Moon es especial porque es diferente. Su mamá es un hada, su papá un vampiro y ella tiene un poquito de los dos. Así que, cuando toda la familia va a acampar junto al mar, suceden algunas cosas que no son demasiado normales... Dormir en una tienda de campaña, encender una hoguera, hacerse amiga de una sirena... ¡todo es especial cuando está Isadora! Con una heroína única, «Isadora Moon» es una encantadora y divertida serie de lecturas ideal para jóvenes lectores que quieren flores y purpurina, pero a los que también les atrae el mundo misterioso de los vampiros.uhttps://www.penguinlibros.com/ar/tematicas/12883-audiolibro-isadora-moon-2-isadora-moon-va-de-excursion-9788420451831  aA partir de 8 años 7aLITERATURA INFANTIL 7aNOVELA DE AVENTURAS